| 000 | 00688cam a2200217 4500 | ||
|---|---|---|---|
| 001 | WB3631-46 | ||
| 008 | 000000n2000 000 0 eng u | ||
| 035 | _a(Sirsi) u107667 | ||
| 245 | _aLock in a fair deal | ||
| 260 | _c2000 | ||
| 490 |
_aGuardian _vJobs & Money 5 August 2000, 6(1) |
||
| 520 | _aLooks at the problems of gazumping and gazundering and describes a preliminary agreement - sometimes called a "lock out" - which protects both buyers and sellers. | ||
| 590 | _aWB | ||
| 650 | _aHOUSING | ||
| 650 | _aCONVEYANCING | ||
| 650 | _aLOCK OUT AGREEMENTS | ||
| 650 | _aGAZUMPING | ||
| 650 | _aGAZUNDERING | ||
| 690 | _aPROPERTY AND LAND LAW-CONVEYANCING | ||
| 942 | _n0 | ||
| 999 |
_c64322 _d64322 |
||